000 02353cam a22004694i 4500
003 PE-LiUPU
005 20250731173108.0
008 181210s2012 miua r 000 0 eng d
020 _a0825433894
020 _a9780825433894
035 _a(Sirsi) a250976
040 _aPE-LiUPU
_bspa
_cPE-LiUPU
_erda
049 _aPRUA
082 0 4 _a266.001
_bM86
_223
100 1 _aMoreau, A. Scott,
_d1955-,
_eautor.
245 1 0 _aContextualization in world missions :
_bmapping and assessing evangelical models /
_cA. Scott Moreau.
264 1 _aGrand Rapids :
_bKregel Publications,
_c[2012].
300 _a429 páginas :
_bilustraciones ;
_c23 centímetros
336 _atext
_2rdacontent
337 _aunmediated
_2rdamedia
338 _avolume
_2rdacarrier
505 0 _aModels and maps of contextualization -- Presuppositional concerns in contextualization 1: revelation -- Presuppositional concerns in contextualization 2: interpretation -- Discerning the good from the bad in contextualization -- Concepts that shape and constrain contextualization -- Tools for analysis and application in contextualization -- Section 2: Mapping evangelical models of contextualization. Introduction -- Mapping examples of evangelical contextualization -- Initiator as facilitator -- Initiator as guide -- Initiator as herald -- Initiator as pathfinder -- Initiator as prophet -- Initiator as restorer -- Future trajectories -- Appendixes. Dean Gilliland's map -- Marc Cortez's map -- Charles Van Engen's map -- A composite map of Gilliland, Cortez, and Van Engen -- A visual evangelical semantic domain of contextualization -- List of initiator examples .
526 _aSEG42
526 _aSEG41
526 _aSEG40
526 _aSEG39
526 _aP94
526 _aP87
526 _aP86
526 _aP85
526 _aP77
526 _aP76
526 _aP35
650 0 4 _aMisiones.
650 0 4 _aObra evangelistica.
910 _adbm
_brri
_crri
_d20181210
942 _2ddc
_cBOOK
994 _aC0
_bPEPRU
596 _a1
999 _a266.001 M86
_wDEWEY
_c30431
_i79330
_d30431
_e2019-11-12
_f2021-11-10
_g4
_lCCODEBUL1
_mBUL
_n2
_p14.49
_r0
_sY
_tBOOK
_u2018-12-10
_xTEOLOGIA
_PP85
_0DONACION
_1FCOMPR2
_o.STAFF. Colección Teología
980 _81
_gALBERTO SANCHEZ Responsable de Automatización